Banking risks: (Record no. 56992)

MARC details
000 -LEADER
fixed length control field 00798nam a22002177a 4500
005 - DATE AND TIME OF LATEST TRANSACTION
control field 20110926115743.0
010 ## - LCCN (DPL NO)
LC control number G-001514
020 ## - INTERNATIONAL STANDARD BOOK NUMBER
Terms of availability 495.00
International Standard Book Number 9788170947073
035 1d - SYSTEM CONTROL NUMBER
System control number G-001514
037 ## - SOURCE OF ACQUISITION
Source of stock number/acquisition Gift
082 ## - DEWEY DECIMAL CLASSIFICATION NUMBER
Classification number 332.10681
100 ## - MAIN ENTRY--PERSONAL NAME
Personal name Bidani, S.N.
245 ## - TITLE STATEMENT
Title Banking risks:
Statement of responsibility, etc by S.N. Bidnai
Remainder of title management and audit /
260 ## - PUBLICATION, DISTRIBUTION, ETC. (IMPRINT)
Place of publication, distribution, etc New Delhi
Name of publisher, distributor, etc Vision Books
Date of publication, distribution, etc 2010
270 ## - ADDRESS
Address 24 Feroze Gandhi Road, Lajpat Nagar
City New Delhi
Postal code 110024
300 ## - PHYSICAL DESCRIPTION
Extent 232p.
Dimensions 24cm(pbk)
500 ## - GENERAL NOTE
General note Includes index
942 ## - ADDED ENTRY ELEMENTS (KOHA)
Source of classification or shelving scheme Dewey Decimal Classification
Item type English Books
Classification part 332.10681
Call number suffix BAN
Holdings
Withdrawn status Lost status Not for loan Collection code Home library Current library Date acquired Source of acquisition Cost, normal purchase price Full call number Barcode Copy number Cost, replacement price Koha item type
      Non-fiction Janak Puri Janak Puri 26/09/2011 gift 495.00 332.10681 BAN G-001514 1 495.00 English Books

© Delhi Public Library
Hit Counter
free hit counter